Chính sách xã hội và quá trình toàn cầu hóa : Sách tham khảo = Politiques sociales et mondialisation

Sách trình bày những quan điểm và hệ thống bảo đảm xã hội trước xu thế toàn cầu hóa; cơ sở lý luận xây dựng hệ thống bảo đảm xã hội; các mô hình chính sách xã hội của châu Âu và thế giới...

সম্পূর্ণ বিবরণ

সংরক্ষণ করুন:
গ্রন্থ-পঞ্জীর বিবরন
প্রধান লেখক: Palier, Bruno
বিন্যাস: গ্রন্থ
ভাষা:Undetermined
প্রকাশিত: Hà Nội Chính trị Quốc gia 2003
বিষয়গুলি:
ট্যাগগুলো: ট্যাগ যুক্ত করুন
কোনো ট্যাগ নেই, প্রথমজন হিসাবে ট্যাগ করুন!
Thư viện lưu trữ: Trung tâm Học liệu Trường Đại học Cần Thơ
LEADER 00978nam a2200217Ia 4500
001 CTU_92262
008 210402s9999 xx 000 0 und d
020 |c 30000 
082 |a 353.5 
082 |b P162 
100 |a Palier, Bruno 
245 0 |a Chính sách xã hội và quá trình toàn cầu hóa : 
245 0 |b Sách tham khảo = Politiques sociales et mondialisation 
245 0 |c Bruno Palier, Louis- Charles Viosat 
260 |a Hà Nội 
260 |b Chính trị Quốc gia 
260 |c 2003 
520 |a Sách trình bày những quan điểm và hệ thống bảo đảm xã hội trước xu thế toàn cầu hóa; cơ sở lý luận xây dựng hệ thống bảo đảm xã hội; các mô hình chính sách xã hội của châu Âu và thế giới 
650 |a Administrative law 
904 |i Mai Loan, H.Mai 
980 |a Trung tâm Học liệu Trường Đại học Cần Thơ